000 00857nam a2200229Ii 4500
003 JO-AjNU
008 230605s9999||||xx |||||||||||||| ||und||
017 _a2007/9/2983
020 _a978-9957-33-139-9
040 _aJO-AjNU
_bara
_erda
_cJO-AjNU
041 _aara
050 1 4 _aHF5679.D3482 2008
100 3 _aالدلاهمة، سليمان مصطفى,
_eauthor
_927491
245 0 0 _aاساسيات نظم المعلومات المحاسبية وتكنولوجيا المعلومات
250 _aط1
264 3 1 _aعمان: مؤسسة الوراق للنشر والتوزيع، 2008
300 _a730ص
_bيحتوي على ملاحق و ببلوغرافية من ص 693-730ص
336 _atext
_btxt
_2rdacontent
337 _aunmediated
_bn
_2rdamedia
338 _avolume
_bnc
_2rdacarrier
650 4 _aالمحاسبة المالية
_927492
999 _aA10550
_c14118
_d14118